000 00431nam a2200169Ia 4500
003 GCL
008 140319s9999 xx 000 0 ara d
040 _aGCL /
_cGCL
082 0 4 _aد
_b050
100 1 _aنجاتى صدقى
245 1 0 _aمكسيم غوركى (اقرا 162 ) /
_cنجاتى صدقى
300 _a112
490 _aاقرأ
_v0
650 0 4 _aالادباء
650 0 4 _aمكسيم غوركى
942 _2ddc
_cBK
999 _c48850
_d48850